| 000 | 00714nam a2200229 i 4500 | ||
|---|---|---|---|
| 001 | 92654 | ||
| 003 | ES-MaACL | ||
| 005 | 20250902063059.0 | ||
| 007 | t| | ||
| 008 | 050413s1975 it ||||1| ita d | ||
| 020 | _a88-06-02752-2 | ||
| 080 | _a821.131.1-31"19" | ||
| 100 | 1 |
_aCalvino, Italo, _d1923-1985 _9242175 |
|
| 245 | 1 | 3 |
_aIl barone rampante / _cItalo Calvino ; prefazione e note di Tonio Cavilla. |
| 260 |
_aTorino : _bGiulio Einaudi, _c[1975] |
||
| 300 |
_a245 p. ; _c18 cm. |
||
| 490 | 1 |
_aLetture per la scuola media ; _v4 |
|
| 700 | 1 |
_aCavilla, Tonio. _937199 |
|
| 830 | 0 |
_aLetture per la scuola media ; _v4 _9184261 |
|
| 852 |
_aES-MaACL _jE-10941 _bR.135803 |
||
| 999 |
_c92654 _d92654 |
||